Ảnh hưởng của phân KNO3 phun lên lá đến năng suất và phẩm chất trái chanh giấy trồng xen trong vườn dừa ở vùng sinh thái đất mặn tại huyện Giồng Trôm tỉnh Bến Tre : Luận văn tốt nghiệp Thạc sĩ ngành Sinh thái học
Đề tài xác định số lần phun và hàm lượng phân kali nitrate lên lá trên cây chanh giấy ở sinh thái đất mặn giúp cây cho năng suất và phẩm chất cao.
Сохранить в:
| Главный автор: | |
|---|---|
| Формат: | |
| Язык: | Undetermined |
| Опубликовано: |
Cần Thơ
Trường Đại học Cần Thơ
2014
|
| Предметы: | |
| Метки: |
Добавить метку
Нет меток, Требуется 1-ая метка записи!
|
| Thư viện lưu trữ: | Trung tâm Học liệu Trường Đại học Cần Thơ |
|---|
| LEADER | 01162nam a2200217Ia 4500 | ||
|---|---|---|---|
| 001 | CTU_192981 | ||
| 008 | 210402s9999 xx 000 0 und d | ||
| 082 | |a 634.334 | ||
| 082 | |b Nh124 | ||
| 088 | |a 60420120 | ||
| 100 | |a Trần, Minh Nhật | ||
| 245 | 0 | |a Ảnh hưởng của phân KNO3 phun lên lá đến năng suất và phẩm chất trái chanh giấy trồng xen trong vườn dừa ở vùng sinh thái đất mặn tại huyện Giồng Trôm tỉnh Bến Tre : | |
| 245 | 0 | |b Luận văn tốt nghiệp Thạc sĩ ngành Sinh thái học | |
| 245 | 0 | |c Trần Minh Nhật ; Nguyễn Bảo Vệ (Cán bộ hướng dẫn) | |
| 260 | |a Cần Thơ | ||
| 260 | |b Trường Đại học Cần Thơ | ||
| 260 | |c 2014 | ||
| 520 | |a Đề tài xác định số lần phun và hàm lượng phân kali nitrate lên lá trên cây chanh giấy ở sinh thái đất mặn giúp cây cho năng suất và phẩm chất cao. | ||
| 650 | |a Lemon,Cây chanh | ||
| 910 | |a Hải | ||
| 980 | |a Trung tâm Học liệu Trường Đại học Cần Thơ | ||